[Event "II Duchamp Open 2018"]
[Site "Rio de Janeiro"]
[Date "2018.11.19"]
[Round "7"]
[White "Torella, Rodolfo"]
[Black "Guimaraes, Diogo Duarte"]
[Result "0-1"]
[WhiteElo "2036"]
[BlackElo "2272"]
[Annotator "TA"]
[PlyCount "216"]
[EventDate "2018.11.14"]
[EventType "swiss"]
[EventCountry "BRA"]
[SourceTitle "playchess.com"]
[Source "ChessBase"]
[SourceQuality "1"]

{[%evp 9,216,5,28,10,67,0,-12,10,4,15,3,-1,-1,10,7,-12,0,-47,-28,-35,-43,-76,-63,-70,-49,-52,-56,-40,-40,-70,-74,-143,-140,-144,-129,-121,71,72,60,70,45,2,77,70,17,33,14,0,0,0,0,0,0,-17,14,0,0,0,0,0,0,0,0,0,0,0,0,0,0,0,0,0,0,0,0,0,0,0,0,0,0,0,0,0,0,0,0,0,0,0,0,0,0,0,0,0,0,-1097,-1069,-2199,-2133,-1943,-1874,-1177,-1112,-29966,-29966,-5089,-755,-983,-686,-302,0,0,0,0,0,0,0,0,29978,29978,29979,-235,-235,-235,-235,-235,-235,-235,-235,-228,-228,-228,-228,-228,-228,-228,-228,-228,-228,-228,-228,-180,-158,-145,-105,-228,-228,-228,-228,-228,-228,-228,-228,-228,-228,-250,-228,-252,-235,-235,-251,-310,-268,-343,-261,-330,-250,-310,-261,-284,-228,-228,-228,-235,0,0,0,-228,-228,-228,-228,-228,-228,-228,0,-228,-228,-228,-228,-1870,-228,-228,-124,-1646,-228,-1598,-1199,-3531,-3040,-1865,-1634,-29984,-29985,-29985,-29986,-29988,-29989]} 1. e4 e5 2. Nc3 Nf6 3. g3 d5 4. exd5 Nxd5 5. Bg2 c6 (5... Nxc3 6. bxc3 Bc5 7. d3 O-O 8. Nf3 Nc6 9. O-O Bg4 10. h3 Bh5 11. g4 Bg6 12. Re1 e4 13. dxe4 Qxd1 14. Rxd1 Bxe4 15. Nd4 Bxg2 16. Kxg2 Rfd8 17. Be3 Ne5 18. Bf4 {½-½ (33) Mamedyarov,S (2801)-Giri,A (2782) chess.com INT 2018}) 6. Nge2 {C26: Vienna Game: 2...Nf6, sidelines} Bg4 (6... Nxc3 $11 7. Nxc3 Be6) 7. h3 (7. Nxd5 $14 cxd5 8. O-O) 7... Nxc3 $11 8. bxc3 {The position is equal.} Bh5 9. Rb1 $146 ({Predecessor:} 9. O-O Bd6 10. d3 Nd7 11. g4 Bg6 12. Ng3 Nf6 13. Rb1 Rb8 14. c4 {1-0 (29) Haessler,W (2255)-Berkov,M (1411) Jena 2009}) 9... Qc7 10. O-O Nd7 11. d3 Bd6 12. Be3 O-O 13. Qd2 Rae8 14. g4 Bg6 15. f4 f5 16. g5 Re7 17. Ng3 exf4 18. Bxf4 Nc5 19. h4 {[%cal Bh3h4,Bh4h5][%mdl 32]} Ne6 20. Rxb7 (20. Bxd6 $142 Qxd6 21. Qf2) 20... Bc5+ $17 21. d4 Qxb7 22. dxc5 Nxc5 $2 (22... Nxf4 $17 {and life is bright.} 23. Qxf4 Qc7) 23. h5 $1 $16 Bf7 24. Nxf5 {And now Bxc6! would win.} Rd7 25. Qe3 Be6 (25... Ne6 $1 $11 {remains equal.}) 26. Bd6 {White threatens Nh6+! and mate.} (26. Nh6+ $5 gxh6 27. gxh6 $11) 26... Rxf5 27. Rxf5 {[%csl Gd6][%cal Rf5f8]} Rxd6 28. Qxc5 Qb6 $36 {[%mdl 2048] White is under pressure.} 29. Re5 Bxa2 30. Qxb6 axb6 $11 {[%mdl 4096] Endgame KRB-KRB} 31. Be4 h6 32. g6 {[%cal Re5e8]} Re6 33. Rxe6 Bxe6 {KB-KB} 34. Kf2 ({Wrong is} 34. Bxc6 $2 Bg4 $19) 34... Kf8 35. Bxc6 Bg4 36. Bf3 Bf5 37. Ke3 Ke7 38. Kd4 Kd6 39. Bd1 Bh3 40. c4 Bf1 41. Bf3 Bh3 42. c3 Bf1 43. Bd1 Bg2 44. Be2 Bh3 45. Ke4 Ke6 46. Kf4 Bg2 47. Bd3 Kd6 48. Kg3 Bc6 49. Kf4 Bb7 50. Be4 Bc8 51. Bd5 Bh3 52. Kg3 Bf1 53. Bf7 $2 {[%mdl 8192]} (53. Kf2 $11 Bh3 54. Kf3) 53... Be2 $1 $19 {[%cal Re2h5]} 54. Kh4 Ke5 55. Bg8 Ke4 56. Be6 Ke3 57. Bg4 Bxc4 58. Kg3 Bd5 (58... b5 $142 59. Bf5 Kd2) 59. Bf5 Bf3 60. Bg4 Bxg4 $2 ({Better is} 60... Be4 $19 61. Be6 Bd3) 61. Kxg4 {K3P-K3P} Ke4 $1 62. c4 Ke5 $1 63. Kg3 Kf5 {Hoping for ...Kg5.} 64. Kf3 Kg5 $2 {[%mdl 8192]} (64... Ke5 $11) 65. Ke4 Kxh5 66. Kd5 $4 {[%mdl 8192]} (66. Kf5 {mates} Kh4 67. Ke6 h5 68. Kf7 Kg4 69. Kxg7 Kf5 70. Kh7 Ke5 71. g7) 66... Kxg6 {KP-KP} 67. Kc6 h5 68. Kxb6 {KPP-KP} h4 69. c5 h3 70. c6 {intending c7.} h2 71. c7 h1=Q 72. c8=Q {KQ-KQ} Qb1+ 73. Ka6 Qa2+ 74. Kb5 Qb3+ 75. Ka5 Qa3+ 76. Kb5 Qd3+ 77. Kb4 Qd4+ $1 78. Kb3 (78. Ka5 $17 {was necessary.}) 78... Kg5 $1 79. Qe6 Kh4 80. Qg6 Qg4 81. Qh7+ Kg3 82. Kc2 Qe2+ 83. Kc1 g5 {[%cal Bg7g5,Bg5g4,Bg4g3][%mdl 32]} 84. Qc7+ Kg2 85. Qc6+ Qf3 86. Qc2+ Kg3 87. Qh7 g4 88. Kd2 Kg2 89. Qh5 g3 90. Qe5 Kg1 {...g2 is the strong threat.} 91. Qe1+ {[#]} Kh2 $1 92. Qe5 Kh1 $2 (92... Qf2+ $19 93. Kc3 Kg1) 93. Qe1+ $2 (93. Qa1+ $11 Kh2 94. Qh8+ Kg1 95. Qh6) 93... Kg2 {( -> ...Qf2+)} 94. Qe5 Qf2+ 95. Kd1 Qf1+ 96. Kd2 Qc4 {Strongly threatening ...Qa2+.} 97. Ke1 Qf1+ 98. Kd2 Qf3 99. Ke1 Kg1 100. Qg5 $2 (100. Kd2) 100... Qc3+ $2 (100... Qe4+ 101. Kd2 Qf3) 101. Ke2 {[#]} Qc2+ ({Black should try} 101... g2 $1 $19 {Threatens to win with ...Qb2+.} 102. Qh6 Qg3 103. Qc1+ Kh2 104. Qh6+ Qh3 105. Qf4+ Qg3 106. Qh6+ Qh3 107. Qf4+ Kh1) 102. Ke1 $2 {[%mdl 8192]} (102. Kf3 $17) 102... Qf2+ 103. Kd1 g2 104. Qh5 Qd4+ 105. Ke1 Qe4+ 106. Kd1 Kf2 {Black mates.} 107. Qc5+ Kg3 108. Qd6+ Qf4 {Accuracy: White = 41%, Black = 73%.} 0-1

[Event "II Duchamp Open 2018"]
[Site "Rio de Janeiro"]
[Date "2018.11.19"]
[Round "7"]
[White "Urquiza, Marcello de Albuque"]
[Black "Pimentel, Rafael Favarin G."]
[Result "0-1"]
[WhiteElo "2018"]
[BlackElo "1886"]
[Annotator "NA RC"]
[PlyCount "36"]
[EventDate "2018.11.14"]
[EventType "swiss"]
[EventCountry "BRA"]
[SourceTitle "playchess.com"]
[Source "ChessBase"]
[SourceQuality "1"]
[TimeControl "5400+30"]

{[%evp 11,36,10,32767,32767,32767,2,32767,32767,8,32767,19,32767,14,32767,0,15,8,0,20,0,27,-87,-34,-80,-85,-78,-87]} 1. e4 {[%emt 0:00:00]} c6 {[%emt 0:03:34]} 2. d4 {[%emt 0:00:00]} d5 {[%emt 0:00:03]} 3. Nd2 {[%emt 0:00:00]} dxe4 {[%emt 0:00:04]} 4. Nxe4 {[%emt 0:00:08]} Nf6 {[%emt 0:00:03]} 5. Ng3 {[%emt 0:02:05]} h5 {[%emt 0:01:26]} 6. h4 {[%emt 0:03:09] LiveBook: 24 Games} Bg4 {[%emt 0:00:05]} 7. Be2 {[%emt 0:00:59]} Qc7 {[%emt 0:01:42]} 8. Bg5 {[%emt 0:03:07] B15: Caro-Kann: 3 Nc3: 3...g6 and 3...dxe4 4 Nxe4 Nf6 5 Nxf6+ exf6} (8. Nf3 Nbd7 9. c3 e6 10. Ng5 Bd6 11. N3e4 Nxe4 12. Nxe4 Bxe2 13. Qxe2 Bf4 14. Bxf4 Qxf4 15. g3 Qc7 {1-0 (77) Plat,V (2443)-Jablonicky,F (2128) Kouty nad Desnou 2015}) 8... Nbd7 {[%emt 0:00:57]} 9. Qd2 {[%emt 0:00:12]} O-O-O {[%emt 0:02:07]} 10. O-O-O {[%emt 0:02:25]} e6 $146 {[%emt 0:09:38]} ({Predecessor:} 10... e5 11. Bxg4 hxg4 12. N1e2 g6 13. dxe5 Qxe5 14. Bf4 Qb5 15. Nc3 Qa5 {0-1 (49) Byambacogt,T-Krizanovic,Z Istanbul 2004}) 11. f3 {[%emt 0:03:22]} Bd6 {[%emt 0:07:47]} 12. Nf1 {[%emt 0:30:37]} Bf5 {[%emt 0:10:24]} 13. Ne3 {[%emt 0:00:15]} Bf4 {[%emt 0:00:29]} 14. Bxf4 {[%emt 0:07:43]} Qxf4 {[%emt 0:00:10]} 15. Nxf5 {[%emt 0:02:13]} Qxf5 {[%emt 0:01:25]} 16. Bd3 {[%emt 0:00:39]} (16. Nh3 $14 {keeps the upper hand.}) 16... Qd5 $1 {[%emt 0:00:39] Double Attack} 17. Ne2 {[%emt 0:00:06]} Qxa2 {[%emt 0:00:23]} 18. c4 {[%emt 0:06:05]} Qa1+ $17 {[%emt 0:07:41] Kb1 [%clk 0:34:18] Qa4 [%clk 0:43:58] Nc3 [%clk 0:34:31] a5 [%clk 0:43:53]} 0-1

[Event "II Duchamp Open 2018"]
[Site "Rio de Janeiro"]
[Date "2018.11.19"]
[Round "7"]
[White "Nascimento, Pedro Henrique Alve"]
[Black "Brito, Vicente De Paulo Al"]
[Result "1/2-1/2"]
[WhiteElo "2007"]
[BlackElo "2044"]
[Annotator "NA RC"]
[PlyCount "92"]
[EventDate "2018.11.14"]
[EventType "swiss"]
[EventCountry "BRA"]
[SourceTitle "playchess.com"]
[Source "ChessBase"]
[SourceQuality "1"]
[TimeControl "5400+30"]

{[%evp 23,91,16,32767,32767,32767,32767,32767,32767,54,32767,32767,32767,18,6,48,35,32767,32767,79,66,156,148,158,45,97,50,53,13,31,0,36,32767,32767,32767,32767,-53,-51,-189,-267,-240,-216,-221,32767,32767,32767,32767,-214,-195,32767,32767,32767,32767,-470,-535,-137,32767,32767,32767,32767,-23,-8,-84,0,0,0,0,-5,0,0,0]} 1. d4 {[%emt 0:00:00]} Nf6 {[%emt 0:00:00]} 2. c4 {[%emt 0:00:00]} g6 {[%emt 0:00:00]} 3. Nc3 {[%emt 0:00:00]} Bg7 {[%emt 0:00:00]} 4. e4 {[%emt 0:00:00]} d6 {[%emt 0:00:00]} 5. Be2 {[%emt 0:00:00]} O-O {[%emt 0:00:24]} 6. Nf3 {[%emt 0:00:11]} e5 {[%emt 0:00:56]} 7. d5 {[%emt 0:00:10]} a5 {[%emt 0:00:06]} 8. Bg5 {[%emt 0:00:14]} h6 {[%emt 0:00:08]} 9. Bh4 {[%emt 0:00:07]} Na6 {[%emt 0:00:32]} 10. Nd2 {[%emt 0:00:12]} Qe8 {[%emt 0:01:18]} 11. O-O {[%emt 0:00:24]} Bd7 {[%emt 0:02:29]} 12. b3 {[%emt 0:03:43]} Nh7 {[%emt 0:00:47] E92: King's Indian: Classical: 6 Be2 e5: 7 dxe5, 7 Be3 and Petrosian System without 7...Nbd7} 13. f3 {[%emt 0:00:13]} h5 {[%emt 0:00:27]} 14. Rb1 {[%emt 0:00:27]} (14. a3 Bh6 15. Rb1 Nc5 16. Qc2 f5 17. b4 axb4 18. axb4 Na4 19. Nd1 g5 20. Bf2 g4 21. fxg4 Bxd2 22. Qxd2 f4 23. gxh5 Ng5 {1-0 (75) Giri,A (2784)-Ding,L (2732) Wijk aan Zee 2015}) 14... Bh6 {[%emt 0:00:30]} 15. Kh1 {[%emt 0:00:10]} Kh8 {[%emt 0:06:35]} 16. a3 {[%emt 0:00:51]} Be3 {[%emt 0:05:04]} 17. Bf2 $146 {[%emt 0:01:02]} ({Predecessor:} 17. b4 axb4 18. axb4 f6 19. Qc2 Qe7 20. c5 g5 21. Be1 f5 22. c6 bxc6 23. dxc6 Be6 24. Bxa6 Bxd2 25. Bxd2 Rxa6 {1-0 (36) Vinot,S (2441)-Fekete,A (2315) ICCF email 2011}) 17... Bxf2 {[%emt 0:01:21]} 18. Rxf2 {[%emt 0:00:09]} f5 {[%emt 0:14:45]} 19. b4 {[%emt 0:00:44]} axb4 {[%emt 0:00:41]} 20. axb4 {[%emt 0:00:10]} Rd8 {[%emt 0:14:41]} 21. Qc2 {[%emt 0:15:16]} f4 {[%emt 0:02:36] [#]} (21... Qe7 $14) 22. c5 $1 {[%emt 0:00:33]} Nb8 {[%emt 0:07:56]} 23. cxd6 {[%emt 0:01:58]} ({Better is} 23. Rff1 $16) 23... cxd6 {[%emt 0:00:11]} 24. Nc4 {[%emt 0:01:09]} Qe7 {[%emt 0:02:32]} 25. Nb6 {[%emt 0:00:36]} Qh4 {[%emt 0:01:19]} 26. Bb5 {[%emt 0:01:36]} g5 {[%emt 0:01:11]} 27. Bxd7 {[%emt 0:00:37]} Nxd7 {[%emt 0:00:15]} 28. Nxd7 {[%emt 0:00:20]} Rxd7 {[%emt 0:00:09]} 29. Rff1 {[%emt 0:03:08]} g4 {[%emt 0:00:50]} 30. fxg4 {[%emt 0:04:58]} (30. Qf2 $15 Qxf2 31. Rxf2) 30... hxg4 {[%emt 0:01:00]} 31. g3 {[%emt 0:00:18]} fxg3 {[%emt 0:08:13]} 32. Qg2 {[%emt 0:01:25]} Rf3 {[%emt 0:08:14]} 33. Rxf3 {[%emt 0:00:44]} gxf3 {[%emt 0:00:21]} 34. Qxg3 {[%emt 0:00:27]} Qxg3 {[%emt 0:01:02]} 35. hxg3 {[%emt 0:00:01]} Ng5 {[%emt 0:00:44]} 36. Rb2 {[%emt 0:00:50]} Rc7 {[%emt 0:01:41]} 37. Rb3 {[%emt 0:01:54]} Rc4 {[%emt 0:14:16]} 38. Kg1 {[%emt 0:03:07]} f2+ $2 {[%emt 0:02:29]} (38... Kh7 $19 {and Black stays clearly on top.} 39. g4 Kg6) 39. Kf1 {[%emt 0:00:45]} Nxe4 {[%emt 0:00:07]} 40. Nxe4 {[%emt 0:00:24]} Rxe4 {[%emt 0:00:03]} 41. Kxf2 {[%emt 0:00:40]} Rd4 {[%emt 0:00:11]} 42. Ke3 {[%emt 0:00:32]} (42. Rc3 $11 {keeps the balance.}) 42... Rxd5 {[%emt 0:00:12]} (42... Kh7 $17 43. Rc3 Kg6) 43. Ke4 {[%emt 0:00:13]} Rd4+ {[%emt 0:00:41]} 44. Kf5 {[%emt 0:00:13]} Kg7 {[%emt 0:00:28]} 45. b5 {[%emt 0:00:35]} e4 {[%emt 0:03:15]} 46. Rc3 $11 {[%emt 0:03:29]} Rd5+ {[%emt 0:00:25]} 1/2-1/2

[Event "II Duchamp Open 2018"]
[Site "Rio de Janeiro"]
[Date "2018.11.19"]
[Round "7"]
[White "Chaves, Jorge Antonio Torre"]
[Black "Rodrigues, Nei Jorge"]
[Result "1-0"]
[WhiteElo "1922"]
[BlackElo "1978"]
[Annotator "NA RC"]
[PlyCount "121"]
[EventDate "2018.11.14"]
[EventType "swiss"]
[EventCountry "BRA"]
[SourceTitle "playchess.com"]
[Source "ChessBase"]
[SourceQuality "1"]
[TimeControl "5400+30"]

{[%evp 13,111,-154,32767,32767,32767,32767,32767,-185,-196,32767,-191,32767,-145,-165,-181,-168,32767,-155,32767,-244,32767,-298,-138,-102,-160,-228,-163,-161,-72,-141,-170,-147,32767,32767,32767,32767,32767,32767,32767,32767,-235,32767,-211,-217,-262,-272,-334,-327,-12,-23,-32,-25,-27,-89,32767,32767,32767,-50,-54,32767,-14,32767,32767,32767,-175,-153,-204,-225,32767,32767,32767,32767,-2,0,32767,32767,32767,32767,32767,32767,32767,32767,32767,32767,107,95,166,129,143,32767,116,0,158,32767,32767,186,396,555,514,634]} 1. e4 {[%emt 0:00:00]} d6 {[%emt 0:00:00]} 2. d4 {[%emt 0:00:00]} Nd7 {[%emt 0:00:00]} 3. f4 {[%emt 0:00:21]} e5 {[%emt 0:00:00]} 4. Nf3 {[%emt 0:00:46] B07: Pirc Defence: Miscellaneous Systems} exd4 {[%emt 0:02:11]} (4... Ngf6 5. Nc3 Be7 6. Bc4 Nb6 7. Be2 exd4 8. Nxd4 O-O 9. O-O c6 10. Bf3 c5 11. Nde2 Be6 12. Nd5 Nbxd5 13. exd5 Bd7 {½-½ (24) Horther Schneider,E (1839)-Benischek,W (2122) Bayerisch Eisenstein 2018}) 5. Bc4 {[%emt 0:02:20]} Nb6 {[%emt 0:03:52]} 6. Bb3 {[%emt 0:00:17]} c5 {[%emt 0:04:14]} 7. c4 $2 $146 {[%emt 0:00:55]} ({White should try Predecessor:} 7. c3 $11 c4 8. Ba4+ Nxa4 9. Qxa4+ Bd7 10. Qxc4 dxc3 11. Nxc3 Rc8 {0-1 (65) Gossmann,J (1755)-Sewald,J (1507) Cologne 2009}) 7... g6 {[%emt 0:06:55]} 8. O-O {[%emt 0:02:06]} Bg7 {[%emt 0:00:06]} 9. Nbd2 {[%emt 0:01:50]} Ne7 {[%emt 0:01:58]} 10. Qe1 {[%emt 0:02:10]} O-O {[%emt 0:00:21]} 11. f5 {[%emt 0:16:09]} gxf5 {[%emt 0:01:36]} 12. Nh4 {[%emt 0:01:32]} fxe4 {[%emt 0:07:11]} 13. Nxe4 {[%emt 0:00:21] [#]} Ng6 $1 {[%emt 0:01:12]} 14. Bg5 {[%emt 0:06:12]} f6 {[%emt 0:00:17]} 15. Nxg6 {[%emt 0:05:15]} hxg6 {[%emt 0:00:08]} 16. Qh4 {[%emt 0:02:14]} (16. Bh4 $17 {was worth a try.}) 16... Bf5 {[%emt 0:00:33]} 17. Bc2 {[%emt 0:09:36]} (17. Bd2 $142) 17... Bxe4 {[%emt 0:27:23]} (17... fxg5 $2 18. Nxg5 Qxg5 19. Qxg5 $17) (17... Nxc4 18. g4 $17) (17... Rf7 $19 18. b3 d3 19. Nxf6+ Bxf6 20. Bxf6 Qxf6 21. Qxf6 Rxf6 22. Bxd3 Raf8) 18. Qxe4 {[%emt 0:00:41]} Qe8 {[%emt 0:00:07]} ({Weaker is} 18... fxg5 19. Qxg6 Rf4 20. g3 $18) 19. Qxe8 {[%emt 0:00:33]} (19. Bf4 $17 {was worth a try.}) 19... Raxe8 {[%emt 0:00:46]} 20. Bf4 {[%emt 0:00:16]} Re2 {[%emt 0:01:31]} (20... Re6 $19 21. Rae1 Rxe1 22. Rxe1 Nxc4 23. Bxg6 Ne5) 21. Bd3 {[%emt 0:01:50]} (21. Bxg6 $15 d5 22. cxd5) 21... Rxb2 {[%emt 0:01:25]} 22. Bxd6 {[%emt 0:00:22]} Rc8 {[%emt 0:06:53]} 23. Rf3 {[%emt 0:02:53]} Rc6 {[%emt 0:05:33]} 24. Bf4 {[%emt 0:00:10]} f5 {[%emt 0:01:30]} 25. h4 {[%emt 0:05:15]} Bf6 {[%emt 0:01:26]} 26. Bc1 {[%emt 0:01:55]} Rb4 {[%emt 0:00:32]} 27. h5 {[%emt 0:00:48]} Nxc4 {[%emt 0:01:13]} 28. a3 {[%emt 0:01:21]} Ra4 {[%emt 0:01:44]} 29. Rg3 {[%emt 0:04:13]} Be5 {[%emt 0:04:14]} 30. Rg5 {[%emt 0:00:33]} Ne3 $2 {[%emt 0:02:09]} ({Black should play} 30... Nd6 $19 31. Rxg6+ Kf7) 31. Bb5 {[%emt 0:02:07] [#]} Raa6 $1 {[%emt 0:00:15]} 32. Bxa6 {[%emt 0:01:00]} Rxa6 {[%emt 0:08:07]} 33. Rb1 {[%emt 0:00:17]} (33. Bxe3 $1 $11 {was the only way to keep the balance.} dxe3 34. Rb1) 33... b6 {[%emt 0:03:07]} 34. Rxg6+ {[%emt 0:00:10]} Kf7 {[%emt 0:00:01]} 35. Rc6 {[%emt 0:07:27]} Ra4 {[%emt 0:00:36]} 36. h6 {[%emt 0:00:57]} Rc4 {[%emt 0:03:03]} 37. Bxe3 {[%emt 0:07:09]} dxe3 {[%emt 0:00:09]} 38. h7 {[%emt 0:10:25]} Kg7 {[%emt 0:01:34]} 39. Kf1 {[%emt 0:03:29]} Rc2 {[%emt 0:00:56]} ({Much less strong is} 39... Kxh7 40. Re1 $17) 40. Re1 {[%emt 0:02:54]} Bd4 {[%emt 0:01:08]} 41. Rc7+ {[%emt 0:00:52]} Kh8 {[%emt 0:00:13]} 42. Re2 {[%emt 0:00:15]} Rc1+ {[%emt 0:01:30]} 43. Re1 {[%emt 0:00:06]} Rc4 {[%emt 0:00:38]} 44. Rxa7 {[%emt 0:00:23]} f4 {[%emt 0:00:23]} 45. Rf7 {[%emt 0:00:46]} Bc3 {[%emt 0:00:23]} 46. Rb1 {[%emt 0:00:45]} Ba5 {[%emt 0:00:54]} 47. Rd1 {[%emt 0:00:34]} Bd2 {[%emt 0:01:04]} 48. Rb1 {[%emt 0:00:17]} Ba5 {[%emt 0:02:13]} 49. Rb2 {[%emt 0:00:48]} Rc1+ {[%emt 0:00:38]} (49... Ra4 $16) 50. Ke2 {[%emt 0:00:05]} Re1+ $1 $11 {[%emt 0:00:31]} 51. Kd3 {[%emt 0:00:28]} (51. Kf3 Rf1+ 52. Kg4 Rd1) 51... Rd1+ {[%emt 0:00:34] [#]} 52. Ke2 {[%emt 0:00:27]} (52. Ke4 $1 $16) 52... Rg1 $2 {[%emt 0:00:15]} 53. Kd3 {[%emt 0:00:15]} Rf1 {[%emt 0:00:43]} 54. g4 {[%emt 0:01:07]} Rd1+ $18 {[%emt 0:00:28]} (54... Rh1 {might work better.} 55. a4 (55. Rxf4 Kxh7 56. Kxe3 Kg6 $16) 55... Rxh7 56. Rxf4 Rh3) 55. Ke4 {[%emt 0:00:20]} Rd4+ {[%emt 0:00:36]} 56. Kf3 {[%emt 0:00:48]} c4 {[%emt 0:00:00]} 57. g5 {[%emt 0:00:27]} c3 {[%emt 0:00:36]} 58. Rg2 {[%emt 0:00:17]} Rd3 {[%emt 0:00:52]} 59. Re2 {[%emt 0:00:40]} Rd5 {[%emt 0:00:30]} 60. g6 {[%emt 0:00:17]} Rg5 {[%emt 0:00:18]} 61. Rf8+ {[%emt 0:00:09]} 1-0

[Event "II Duchamp Open 2018"]
[Site "Rio de Janeiro"]
[Date "2018.11.19"]
[Round "7"]
[White "Reis, Virginia Lagrange M"]
[Black "Viana, Dirceu"]
[Result "0-1"]
[WhiteElo "1750"]
[BlackElo "2201"]
[Annotator "TA"]
[PlyCount "100"]
[EventDate "2018.11.14"]
[EventType "swiss"]
[EventCountry "BRA"]
[SourceTitle "playchess.com"]
[Source "ChessBase"]
[SourceQuality "1"]

{[%evp 9,100,50,38,33,55,8,41,39,55,27,64,58,54,52,61,52,61,54,57,52,56,51,62,31,48,46,56,47,57,21,46,39,59,54,62,49,53,53,64,56,52,0,61,37,42,35,46,46,62,63,77,69,69,36,37,33,29,32,35,36,41,20,37,22,61,54,61,53,45,51,52,61,80,78,201,195,241,262,237,248,327,36,22,22,26,20,14,-958,-959,-951,-930,-879,-875]} 1. e4 c5 2. Nf3 Nc6 3. Bb5 Na5 4. Be2 d6 5. d4 cxd4 6. Nxd4 {B30: Sicilian: 2...Nc6 3 Bb5, lines without ...g6} Nf6 7. f3 $146 ({Predecessor:} 7. Nc3 e6 8. O-O Be7 9. f4 O-O 10. Kh1 Nd7 11. Be3 a6 12. Qe1 Bh4 13. Qd2 Qc7 14. f5 Ne5 15. Bg5 Bxg5 16. Qxg5 f6 17. Qg3 {0-1 (47) Rocha,S (2400)-Bauer,C (2636) Nancy 2005}) 7... Bd7 8. c4 {White is slightly better.} Rc8 9. Na3 g6 10. Be3 Bg7 11. Qd2 a6 12. Rc1 O-O 13. O-O Nc6 14. Rfd1 Nxd4 15. Bxd4 Bc6 16. Rc2 Nd7 17. Be3 Qc7 18. b3 Rfd8 19. Qe1 Ra8 20. Nb1 Rdc8 21. Rdc1 a5 22. Qf2 Qd8 23. Nc3 Qf8 24. Qh4 Bf6 25. Qf2 ({White should play} 25. Qe1 $14) 25... Be5 (25... Bg7 $11) 26. Nd5 e6 27. Nc3 f5 28. exf5 gxf5 29. f4 Bf6 30. Bf3 Nc5 31. Bxc5 dxc5 32. Qe2 Bd4+ 33. Kh1 Re8 34. Bxc6 bxc6 35. Qf3 Qd6 36. Ne2 Rad8 37. Rd1 Kh8 38. Rcd2 e5 39. fxe5 Rxe5 40. g3 Qe6 41. Nf4 Re1+ (41... Qe8 $16) 42. Kg2 $18 Qe4 {[#]} 43. Rxe1 $1 Qxe1 44. Re2 Qb1 45. Qf1 $2 ({But not} 45. Qxc6 Rg8 $18) (45. Ne6 $18 Qg1+ 46. Kh3) 45... Qxf1+ $14 46. Kxf1 a4 47. Re6 axb3 48. Rxc6 $2 {[%mdl 8192] [#]} (48. axb3 $11 Rb8 49. Rxc6) 48... bxa2 $19 {Black is clearly winning.} 49. Ra6 a1=Q+ 50. Rxa1 Bxa1 {Accuracy: White = 46%, Black = 37%.} 0-1

[Event "II Duchamp Open 2018"]
[Site "Rio de Janeiro"]
[Date "2018.11.19"]
[Round "8"]
[White "Di Berardino, Diego Rafael"]
[Black "Menna Barreto, Felipe Kubiaki"]
[Result "0-1"]
[WhiteElo "2526"]
[BlackElo "2342"]
[Annotator "TA"]
[PlyCount "40"]
[EventDate "2018.11.14"]
[EventType "swiss"]
[EventCountry "BRA"]
[SourceTitle "playchess.com"]
[Source "ChessBase"]
[SourceQuality "1"]

{[%evp 22,40,-9,-24,-7,-39,-35,-58,-65,-106,-104,-125,-133,-178,-185,-188,-179,-177,-168,-501,-491]} 1. e4 c5 2. Nf3 Nc6 3. Nc3 g6 4. d4 cxd4 5. Nxd4 Bg7 6. Nb3 Nf6 7. Be2 O-O 8. O-O d6 9. Bg5 a6 10. a4 Be6 {B70: Sicilian Dragon: 6 g3 and 6 Be2 (without a later Be3)} 11. Re1 Rc8 12. Bf1 {LiveBook: 8 Games} Na5 {Black has an edge.} (12... Nd7 13. Qd2 Re8 14. Rad1 Na5 15. Nd4 Nc4 16. Nxe6 fxe6 17. Bxc4 Rxc4 18. Qd3 {0-1 (48) Onischuk,V (2612)-Nepomniachtchi,I (2705) Berlin 2015}) 13. Nxa5 $146 ({Predecessor:} 13. Nd5 Bxd5 14. exd5 Nxb3 15. cxb3 Rc5 16. Qf3 Nxd5 17. b4 Nxb4 18. Bxe7 {½-½ (67) Cuijpers,F (2481)-Bitalzadeh,A (2419) Netherlands 2009}) 13... Qxa5 14. Bd2 Qb6 15. Qc1 Ng4 16. Be3 Nxe3 17. Qxe3 Qxb2 {[%mdl 64] [#] Double Attack} 18. Nd5 Bxd5 $1 ({Don't play} 18... Rxc2 19. Rab1 $17) 19. exd5 Bd4 20. Rab1 $2 (20. Qd3) 20... Qxb1 $1 ({Less strong is} 20... Bxe3 21. Rxb2 Bd4 22. Rxb7 $17) 0-1

[Event "II Duchamp Open 2018"]
[Site "Rio de Janeiro"]
[Date "2018.11.19"]
[Round "8"]
[White "Hoffman, Alejandro"]
[Black "Galego, Luis"]
[Result "0-1"]
[WhiteElo "2479"]
[BlackElo "2479"]
[Annotator "TA"]
[PlyCount "90"]
[EventDate "2018.11.14"]
[EventType "swiss"]
[EventCountry "BRA"]
[SourceTitle "playchess.com"]
[Source "ChessBase"]
[SourceQuality "1"]

{[%evp 14,90,11,5,8,0,5,0,25,16,14,19,19,14,17,12,15,8,6,8,20,0,0,5,19,0,0,0,0,-4,22,0,0,0,5,0,0,0,0,10,80,19,7,0,0,0,41,31,25,42,45,-83,-85,-114,-107,-109,-95,-133,-130,-136,-118,-123,-97,-137,-127,-152,-158,-297,-294,-285,-293,-362,-365,-361,-362,-362,-364,-357,-333]} 1. d4 Nf6 2. c4 e6 3. Nf3 Bb4+ 4. Nbd2 d5 5. e3 O-O 6. a3 Be7 7. Bd3 c5 8. b3 {LiveBook: 9 Games. E11: Bogo-Indian} dxc4 9. bxc4 cxd4 10. exd4 {The position is equal.} b6 11. Bb2 Bb7 12. O-O Nbd7 13. Qe2 Re8 14. Rad1 Qc7 15. Rfe1 Rad8 16. Bb1 $146 Qf4 17. h3 Qc7 18. Rc1 Qb8 19. Nh2 Bd6 20. Ng4 Bf4 21. Ne3 Qa8 22. Ndf1 Rc8 23. Rcd1 h6 24. Ba2 Bd6 25. d5 exd5 26. cxd5 Be5 (26... Qb8 $11) 27. d6 (27. Ng3 $16) 27... Rc5 $11 28. Bxe5 Rexe5 29. Qd3 Bc6 30. Ng3 Ba4 $1 {[%cal Ra4d1]} 31. Ra1 Kf8 32. Nc4 (32. Qd4 $14 {keeps the upper hand.} Bc6 33. Rac1) 32... Bb5 $17 {aiming for ...Rxe1+.} 33. Qd4 Qd5 (33... Rxe1+ {seems wilder.} 34. Rxe1 Qd5 35. Qxd5 Nxd5 36. Nb2 N5f6) 34. Qxd5 Rexd5 35. Rac1 Bxc4 36. Rxc4 Rxc4 37. Bxc4 Rxd6 38. Re3 g6 39. Bb5 Nc5 40. Ne2 (40. Be2 $17) 40... a6 $19 41. Bc4 b5 42. Bb3 Rd2 {Black is winning.} 43. Nc1 Rb2 44. Rc3 Nfe4 $1 {[%csl LRc3,LRf2]} 45. Rc2 Rxb3 {Accuracy: White = 38%, Black = 64%.} ({Don't do} 45... Nxb3 46. Rxb2 Nxc1 47. Rc2 $19) 0-1